000
00317nam a2200109Ia 4500
008
221009s9999 xx 000 0 und d
082
_a
891.433
100
_a
सावन्त, शिवाजी
_9
59151
245
0
_a
युगन्धर
260
_b
भारतीय ज्ञानपीठ
942
_c
BK
999
_c
64736
_d
64736